000 00987nam a22003017a 4500
001 6500
003 FISKH
005 20250507101436.0
008 250507b cb ||||| |||| 00| 0 eng d
020 _a9780448496474
040 _aFISKH
_beng
_cFISKH
_dFISKH
050 _aPZ7.F34843 L
082 _a 517
100 _aFenske, Jonathan
245 _aLove is in the air /
_cBy Jonathan Fenske
250 _aThis edition first published in 2012
260 _aNew York :
_bPenguin Young,
_c2012.
300 _a31 pages :
_bcolor illustrations ;
_c23 cm
490 _aPenguin Young Reader
_vLevel 2
505 _aG
520 _aAbandoned after a birthday party, Balloon is beginning to droop when Kite comes by and invites him to join her for an adventure, spinning and playing among the clouds.
521 8 _a370 estimate
_bLexile
521 8 _aG
_bRaz-Plus
650 _2Kites
_aLove
650 _2Friendship
_aHeartwarming
942 _2ddc
_cBK
_n0
999 _c6500
_d6500